La Constitución de 1833: ensayo sobre nuestra historia constitucional de un siglo: estudios chilenos
Αποθηκεύτηκε σε:
| Κύριος συγγραφέας: | |
|---|---|
| Μορφή: | Βιβλίο |
| Γλώσσα: | Ισπανικά |
| Έκδοση: |
Santiago
Splendid
1933
|
| Έκδοση: | 1a. ed |
| Θέματα: | |
| Ετικέτες: |
Προσθήκη ετικέτας
Δεν υπάρχουν, Καταχωρήστε ετικέτα πρώτοι!
|
MARC
| LEADER | 00000nam a2200000 a 4500 | ||
|---|---|---|---|
| 001 | UCY4572 | ||
| 003 | CL-VaPUC | ||
| 008 | 950317e19330525CL |||||||||||||||||spa|d | ||
| 082 | 0 | 4 | |a 342.83 |b HUN |2 21 |
| 100 | |a Huneeus Gana, Antonio |e author |9 439212 | ||
| 245 | 1 | 3 | |a La Constitución de 1833: ensayo sobre nuestra historia constitucional de un siglo: estudios chilenos |
| 250 | |a 1a. ed | ||
| 300 | |a 203 p | ||
| 942 | |c BK | ||
| 945 | |d 19950317 00:00:00 |a aalvarez | ||
| 260 | |a Santiago |b Splendid |c 1933 | ||
| 500 | |a Publicado en la Revista Chilena de Historia y Geografía | ||
| 500 | |a Incluye: | ||
| 500 | |a El terremoto de 16 de agosto de 1906 | ||
| 500 | |a Nuestra política territorial en Magallanes | ||
| 500 | |a Ley orgánica del servicio diplomático | ||
| 500 | |a La doctrina liberal | ||
| 500 | |a Manifiesto del partido Liberal | ||
| 600 | 0 | 7 | |a CONSTITUCION POLITICA DE 1833 |2 CL-VaPUC |9 333050 |
| 600 | 0 | 7 | |a SOCIEDAD EXPLOTADORA DE TIERRA DEL FUEGO |2 CL-VaPUC |9 333051 |
| 600 | 0 | 7 | |a GENTE GRANDE |2 CL-VaPUC |9 333052 |
| 600 | 0 | 7 | |a PARTIDO LIBERAL |2 CL-VaPUC |9 333053 |
| 650 | 0 | |a Historia constitucional |9 256052 | |
| 650 | 0 | |a Diplomacia |9 256483 | |
| 650 | 0 | |a Partidos políticos |9 254999 | |
| 650 | 0 | |a Discursos |9 265028 | |
| 651 | 0 | |a Magallanes |9 265180 | |
| 651 | 7 | |a CHILE |2 CL-VaPUC |9 333054 | |
| 651 | 0 | |a Valparaíso, Chile |9 261144 | |
| 583 | |a last modification |c 19950317 00:00:00 |k Rodrigo Vera | ||
| 999 | |c 232392 |d 232390 | ||
| 952 | |0 0 |1 0 |4 0 |6 342_830000000000000_HUN_1933 |7 0 |8 DER_HDC |9 236684 |a BIBDER |b BIBDER |d 2019-11-15 |i 3046621 |o 342.83 HUN 1933 |p 3046621 |r 2023-01-25 |w 2019-11-15 |x Ubicación 4to Piso |y BK |z Estos recursos deben solicitarse con anticipación |k DER | ||
| 952 | |0 0 |1 0 |4 0 |6 342_830000000000000_HUN_1933 |7 0 |8 A |9 236685 |a BIBDER |b BIBDER |d 2019-11-15 |i 1954105 |l 1 |m 4 |o 342.83 HUN 1933 |p 1954105 |r 2023-08-31 |s 2022-07-29 |w 2019-11-15 |y BK |k DER | ||
| 952 | |0 0 |1 0 |2 ddc |4 0 |6 342_830000000000000_HUN_1933 |7 0 |8 X |9 236686 |a FDOBUD |b FDOBUD |d 2019-11-15 |i 1004557 |o 342.83 HUN 1933 |p 1004557 |r 2019-11-15 |w 2019-11-15 |y BK_X |k BUD | ||